000 00293nam a22001337a 4500
008 170601b xxu||||| |||| 00| 0 eng d
020 _a9780155014381
041 _aeng
080 _a93
100 _a17
101 _aSHH
245 _aTHE ORIGINS OF WORLD WAR I
_cREMAK, J
942 _2udc
_cBK
999 _c15462
_d15462